Animal Alphabet Picture 25 - Statistics

General Stats
  • This quiz has been taken 17 times
  • The average score is 19 of 26
Answer Stats
Picture Hint Answer % Correct
C Crocodile
100%
D Dragon
100%
E Eagle
100%
F Flamingo
100%
J Jaguar
100%
M Mouse
100%
O Ostrich
100%
P Penguin
100%
W Worm
100%
G Gazelle
93%
H Hedgehog
93%
L Llama
93%
S Seal
93%
B Buffalo
86%
Q Queen Bee
86%
T Toucan
86%
A Albatross
71%
Z Zebra Butterfly
71%
R Roadrunner
57%
I Indri
36%
N Numbat
29%
K Kinkajou
21%
V Vervet
21%
Y Yellow Mongoose
21%
U Uaru
14%
X Xylocopa
7%
No matching quizzes found
Score Distribution
Percent of People with Each Score
Percentile by Number Answered
Your Score History
You have not taken this quiz